Tiếng Anh kinh tế thương mại tổng hợp /

Enregistré dans:
Détails bibliographiques
Auteur principal: Nguyễn Trùng Khánh.
Format: Livre
Langue:Vietnamese
Publié: Tp.HCM : Nxb Trẻ, 2000.
Sujets:
Tags: Ajouter un tag
Pas de tags, Soyez le premier à ajouter un tag!
Thư viện lưu trữ: Mạng thư viện Đại học Đà Nẵng
LEADER 01064nam a2200337 a 4500
001 000041669
003 200
005 20201103145054.0
008 171030s2000
020 |c 35000 
040 |a lnn  |c lnn  |d lnn 
041 0 |a vie 
082 1 4 |a 428  |b NG-K 
100 1 |a Nguyễn Trùng Khánh. 
245 1 0 |a Tiếng Anh kinh tế thương mại tổng hợp /  |c Nguyễn Trùng Khánh. 
260 |a Tp.HCM :  |b Nxb Trẻ,  |c 2000. 
300 |a 358 tr. ;  |c 20,5 cm. 
630 0 4 |a Kinh tế. 
630 0 4 |a Anh ngữ. 
630 0 4 |a Kinh tế thương mại. 
650 0 4 |a Anh ngữ  |x Kinh tế. 
OWN |a LNN 
902 |a TKA 
AVA |a UDN50  |b LNN  |c English  |d 428 NG-K  |e available  |t Error 5001 Not defined in file expand_doc_bib_avail.  |f 1  |g 0  |h N  |i 0  |j AN  |k 1 
999 |a From the UDN01 
AVA |a UDN50  |b LNN  |c English  |d 428 NG-K  |e available  |t Error 5001 Not defined in file expand_doc_bib_avail.  |f 1  |g 0  |h N  |i 0  |j AN  |k 1 
TYP |a Monograph 
TYP |a Printed language 
980 |a Mạng thư viện Đại học Đà Nẵng